• 首页
  • 本馆介绍
  • 公告通知
  • 最新文献
  • 馆藏检索
  • 电子资源
  • 读者导购
  • 参考咨询
  • 我的图书馆
  • 登录
  • 详细信息显示
  • 放入我的书架
  • 预约/预借图书
  • 作者相关作品
  • 分类相关作品
  • 丛书相关作品
  • 出版社相关作品

书目信息

  • 表格格式
  • 工作单格式
  • 卡片格式
题名:
节水型产品标准汇编
    
 
作者: ;中国标准出版社第二编辑室 编
分册:  
出版信息: 北京   中国标准出版社  2005.05
页数: 992页
开本: 26cm
丛书名:
单 册:
中图分类: TB497-65
科图分类:
主题词: 工厂 , 车间
电子资源:
ISBN: 7-5066-3680-8
000 00775nam0 2200217 450
001 0753269946
005 20071213184435.25
010    @a7-5066-3680-8@dCNY160.00
100    @a20071130d2005 km y0chiy0120 ea
101 0  @achi
102    @aCN@b110000
200 1  @a节水型产品标准汇编@Ajie shui xing chan pin biao zhun hui bian@f本书编写组,中国标准出版社第二编辑室编@Fben shu bian xie zu,zhong guo biao zhun chu ban she di er bian ji shi bian
210    @a北京@c中国标准出版社@d2005.05
215    @a992页@d26cm
606 0  @a工厂
606 0  @a车间
690    @aTB497-65@v4
711 02 @a中国标准出版社第二编辑室@Azhong guo biao zhun chu ban she di er bian ji shi@4编
801  0 @aCN@b大连网信软件有限公司图书馆@c20071213
905    @aBZT@dTB497-65@e1
906    @dCNY160.00@n0@r1
    
    节水型产品标准汇编/本书编写组,中国标准出版社第二编辑室编.-北京:中国标准出版社,2005.05
    992页;26cm
    
    
    ISBN 7-5066-3680-8:CNY160.00
    
●
相关链接 在五车中查询图书 在当当中查询图书 在豆瓣中查询图书


正题名:节水型产品标准汇编     索取号:TB497-65/1         预约/预借

序号 登录号 条形码 馆藏地/架位号 状态 备注
1 635505   2000635505   中心书库中库/ 中库030架B面3列7层5/ [索取号:TB497-65/1] 在馆    
2 635506   2000635506   中心书库中库/ 中库030架B面3列7层1/ [索取号:TB497-65/1] 在馆    
3 635507   2000635507   中心书库中库/ 中库030架B面3列7层2/ [索取号:TB497-65/1] 在馆    
4 635508   2000635508   中心书库中库/ 中库030架B面3列7层3/ [索取号:TB497-65/1] 在馆    
5 635509   2000635509   中心书库中库/ 中库030架B面3列7层4/ [索取号:TB497-65/1] 在馆    
山东省滨州职业学院图书馆 欢迎您!
大连网信软件有限公司© 版权所有